Score 0/14 Timer 04:00
1 Play Today
Scrambled Center 7-Letter Word % Correct
NIGELangelic
90.4%
BOILSabolish
74.2%
MACEDacademy
68.4%
CORNYacronym
68%
CIPROapricot
65.5%
EARNSarsenal
54.5%
IRISHairship
53%
Scrambled Center 7-Letter Word % Correct
ANTICantacid
50%
BAITSabstain
47.5%
UNRIGarguing
45.5%
CRESTactress
38.5%
DEPOTadoptee
26.6%
ELITEatelier
23.9%
APISHaphasia
21.2%
Remove Ads.
Support Sporcle.
Get the best of Sporcle when you Go Orange. This ad-free experience offers more features, more stats, and more fun while also helping to support Sporcle. Thank you for becoming a member.

You're not logged in!

Compare scores with friends on all Sporcle quizzes.
OR
Log In

Show Comments

Extras

Top Quizzes Today


Score Distribution

Your Account Isn't Verified!

In order to create a playlist on Sporcle, you need to verify the email address you used during registration. Go to your Sporcle Settings to finish the process.

Report this User

Report this user for behavior that violates our Community Guidelines.

Details: